History Quiz

Random History or Politics Quiz

Secretary of Labor Quiz Stats

 Plays Quiz not verified by Sporcle

Score 0/27 Timer 07:00
0 Plays Today
Years Secretary % Correct
1933-45Frances Perkins
95.2%
2001-09Elaine Chao
93.5%
2013-17Tom Perez
90.3%
2017-Alexander Acosta
89.7%
2009-13Hilda Solis
88.7%
1989-90Elizabeth Dole
83.9%
1961-62Arthur Goldberg
79%
1993-97Robert Reich
79%
1969-70George P. Shultz
67.7%
1997-01Alexis Herman
67.7%
1921-30James J. Davis
64.5%
1962-69W. Willard Wirtz
53.2%
1987-89Ann Dore McLaughlin
29%
1991-93Lynn M. Martin
29%
Years Secretary % Correct
1913-21William B. Wilson
24.2%
1981-85Raymond J. Donovan
21%
1985-87Bill Brock
21%
1977-81Ray Marshall
12.9%
1953-61James P. Mitchell
6.5%
1976-77William Usery
6.5%
1930-33William N. Doak
4.8%
1945-48Lewis B. Schwellenbach
4.8%
1948-53Maurice J. Tobin
4.8%
1953Martin P. Durkin
4.8%
1970-73James D. Hodgson
4.8%
1973-75Peter J. Brennan
4.8%
1975-76John T. Dunlop
4.8%

You're not logged in!

Compare scores with friends on all Sporcle quizzes.
OR
Log In

Sporcle TV

Today on Sporcle TV


Watch our educational content, quiz creation guides, and fun videos on Sporcle TV.

Show Comments

Extras

Top Quizzes Today


Score Distribution

Your Account Isn't Verified!

In order to create a playlist on Sporcle, you need to verify the email address you used during registration. Go to your Sporcle Settings to finish the process.

Report this User

Report this user for behavior that violates our Community Guidelines.

Details: